| 000 | 00643nam a2200157 a 4500 | ||
|---|---|---|---|
| 008 | 130424s2010 ||||||||||||||||| || u | ||
| 020 | _a9780857931320 | ||
| 050 | _aHB 615 His | ||
| 100 | _aLohrke, Franz | ||
| 245 | 1 | 0 |
_aHistorical foundations of entrepreneurship research _cedited by Hans Landstrom and Franz Lohrke |
| 260 |
_aCheltenham: _bEdward Elgar Publishing Ltd _c2010 |
||
| 300 | _ax,431p.: ill. | ||
| 650 | _aENTREPRENEURSHIP--RESEARCH--HISTORY | ||
| 700 | _aLandstrom, Hans | ||
| 995 |
_FCBU-MAIN LIBRARY (Kitwe) _M1 _UAVAILABLE _WJun 25, 2013 _ZMain Library Open Access Collection |
||
| 999 |
_c45571 _d45571 |
||